000 00891nam a2200217 a 4500
001 BRCA_4460
005 20190320204658.0
008 820922s1905 enka######---#000-0#eng-#
041 _aeng
044 _aenk
050 4 _aNK1570
_b.H57 1905
245 1 0 _aThe Historic Styles of Ornament
_bContaining 1500 Examples from all Countries and all Periods, Exhibited on One Hundred Plates Mostly Printed in Gold and Colours
_cwith Historical and Descriptive Text, translated from the German of H. Dolmetsch.
260 _aLondres
_bB. T. Batsford
_c1905
300 _a1 v. (sin paginación)
_bil. (algunas a color), 90 láminas
_c34 cm.
500 _aIncluye índice alfabético y lista de láminas
500 _aDonación de Joaquín von Mentz
650 1 4 _aDecoración y ornamentación
_93592
700 1 _aDolmetsch, Heinrich
_d1846-1908
_eTraductor
_911304
902 _aREF
942 _2lcc
_cB
999 _c4166
_d4166